00868nam a22002297a 450000500170000001000110001702000100002803500110003803700160004904000120006508200150007710000280009224501210012026000340024130000350027550000190031065000570032965000710038694200240045799900190048195201380050020170124110217.0 a745738 c00.00 a745738 bCen Lib/Ret aDPLbEN a917.3bLAU aLauber, Patricia939333 aWho discovered America? :cby Patricia Lauberbsettlers and explorers of the new world before the time of columbus / aNew YorkbRandom House c1970 a128p. : c24cm(Hb)emapsbill. aIncludes index aAmerica -- Antiquities -- Juvenile literature939334 aAmerica -- Discovery and exploration -- Juvenile literature939335 2ddccENh917.3mLAU c133942d133942 00104070aLbLd2015-07-28eCen Lib/Ret g0.00l4m2o917.3 LAUp745738r2019-05-16 00:00:00s2019-04-13t1v0.00w2015-07-28yEN